Pre intermediate /

Guardado en:
Autor Corporativo: Oxford English Video.
Formato: Deslizar
Materias:
Etiquetas: Agregar Etiqueta
Sin Etiquetas, Sea el primero en etiquetar este registro!
LEADER 00752ngm a22002055g 4500
001 CEM.cems022167
008 130507b1996##################0###0#####d
005 20241007195044.0
245 0 0 |a Pre intermediate /  |c Oxford English Video. 
300 |a 05'. 
500 |a En soporte VHS, consultar en ventanilla. 
505 0 |a 1.- The station (H5155). 2.- Introductions (H5187). 3.- Purple violin (H5361). 4.- The mini (H5361). 5.- The Village (H5424). 
538 |a Soporte: VHS - Norma: Pal N - Color - Grabación DRD 1996 - Hitachi=5155 
110 2 |a Oxford English Video. 
082 4 2 |/ DAV 
653 |a LENGUA 
653 |a IDIOMA 
653 |a INGLES 
653 |a NIVEL SECUNDARIO 
859 |a CEMS  |b BIB. CEMS - Depto. Recursos Didacticos  |h 420  |i DAV  |k DRD  |p 810.12  |t Ej.1